LEADER 01007nam a2200277 i 4500 001 991003316859707536 005 20020509120032.0 008 991103s1998 it ||| | ita 020 $a8822105818 035 $ab11142959-39ule_inst 035 $aPARLA179524$9ExL 040 $aDipart. Scienze pedagogiche$bita 082 0 $a374.4 100 1 $aVertecchi, Benedetto$0126901 245 10$aInsegnare a distanza /$cBenedetto Vertecchi ; contributi di Luigia Acciaroli ... [et al.] 260 $aScandicci :$bLa Nuova Italia,$cc1998 300 $aVII, 230 p. ;$c21 cm. 490 0 $aEducatori antichi e moderni ;$v427 650 4$aScuole per corrispondenza 700 1 $aAcciaroli, Luigia 907 $a.b11142959$b23-02-17$c28-06-02 912 $a991003316859707536 945 $aLE022 374 VER01.01$g1$i2022000008587$lle022$o-$pE0.00$q-$rl$s- $t0$u1$v0$w1$x0$y.i11283233$z28-06-02 996 $aInsegnare a distanza$9193618 997 $aUNISALENTO 998 $ale022$b01-01-99$cm$da $e-$fita$git $h0$i1 LEADER 01538oam 2200409 450 001 9910704427603321 005 20130404143023.0 035 $a(CKB)5470000002441421 035 $a(OCoLC)831480577 035 $a(EXLCZ)995470000002441421 100 $a20130325d2012 ua 0 101 0 $aeng 135 $aur||||||||||| 181 $ctxt$2rdacontent 182 $cc$2rdamedia 183 $acr$2rdacarrier 200 10$aCultural property $eagreement between the United States of America and Albania, signed at Washington, July 12, 2004 210 1$a[Washington, D.C.] :$cUnited States Department of State,$d[2012?] 215 $a1 online resource (11 unnumbered pages) 225 1 $aTreaties and other international acts series ;$v09-1102.1 300 $aTitle from title screen (viewed on March 25, 2013). 517 $aCultural property 606 $aCultural property$xProtection$xLaw and legislation$zUnited States 606 $aCultural property$xProtection$xLaw and legislation$zAlbania 606 $aHistoric preservation$xInternational cooperation 615 0$aCultural property$xProtection$xLaw and legislation 615 0$aCultural property$xProtection$xLaw and legislation 615 0$aHistoric preservation$xInternational cooperation. 712 02$aUnited States.$f2004 July 12. 712 02$aUnited States.$bDepartment of State. 801 0$bGPO 801 1$bGPO 801 2$bGPO 906 $aBOOK 912 $a9910704427603321 996 $aCultural property$93439492 997 $aUNINA